1771 1951 1591 1526 1609 1276 1666 1859 1084 1678 1698 1158 1456 1588 1225 1368 1822 1873 1207 1600 1288 1724 1371 1984 1368 1804 1190 1307 1240 1479 1260 1462 1167 1494 1734 1191 1970 1977 1497 1797 1622 1931 1563 1457 1132 1269 1785 1474 1066 1325 1062 1822 1432 1373 1760 1794 1771 1192 1961 1136 1586 1486 1137 1321 1930 1003 1164 1024 1625 1524 1568 1765 1041 1672 1607 1096 1214 1564 1543 1556 1532 1464 1385 1292 1887 1395 1134 1793 1117 1178 1272 1918 1856 1839 1366 1872 1954 1595 1825 BCNSPRNW ULIB Ver.6.0+V

เปลี่ยนเป็นภาษาไทย

Change to English
 แสดงรายละเอียดบรรณานุกรม
  กลับหน้าหลัก

Brief Record : Get Marc (ISO 2709) : E-mail record : QR code < ปิดหน้าต่าง
LEADER : 00000nam 2200000uu 4500
001    13399121512
003     ULIB
008    121122s2548||||th 000 0 tha d
020    ^a9746140566 (ล.1)
050  4 ^aPE1116.T6^bส719ภ ล.1
245 10 ^aภาษาอังกฤษเพื่อการท่องเที่ยว =^bEnglish for tourism /^cปิยะนัฐ ด่านวิวัฒน์ ... [และคนอื่นฯ] ; สาขาวิชาศิลปศาสตร์ มหาวิทยาลัยสุโขทัยธรรมาธิราช
246 14 ^aเอกสารการสอนชุดวิชาภาษาอังกฤษเพื่อการท่องเที่ยว
246 31 ^aEnglish for tourism
250    ^aพิมพ์ครั้งที่ 8
260    ^aนนทบุรี :^bสำนักพิมพ์มหาวิทยาลัยสุโขทัยธรรมาธิราช,^c2548
300    ^a2 เล่ม :^bภาพประกอบ ;^c30 ซม.
500    ^aเอกสารการสอนชุดวิชาภาษาอังกฤษเพื่อการท่องเที่ยว 11302หน่วยที่ 1-8, 9-15
591    ^aLINA มี ล.1
650  4 ^aภาษาอังกฤษ^xตำราสำหรับชนต่างชาติ
650  4 ^aภาษาอังกฤษ^xบทสนทนาและวลี
651  7 ^aไทย^xภูมิประเทศและการท่องเที่ยว^xหนังสือนำเที่ยว
700 0  ^aปิยะนัฐ ด่านวิวัฒน์
710 2  ^aมหาวิทยาลัยสุโขทัยธรรมาธิราช. ^bสาขาวิชาศิลปศาสตร์
945    ^p0^l0^i24388
995    ^aวิภา
999 ^a ทศพร
รายการนี้ยังไม่มีแท็ก
คุณยังไม่ได้ล็อกอิน คุณสามารถมีกิจกรรมร่วมกับเว็บไซต์ได้ แต่ต้องล็อกอินก่อน ::
  ล็อกอิน

รายการสื่อสารสนเทศ

ลำดับที่ ประเภท เลขเรียก/บาร์โค้ด สถานที่ สถานะ
1. วิทยาศาสตร์การแพทย์ และสุขภาพ
วิทยาศาสตร์การแพทย์ และสุขภาพ
PE1116.T6 ส719ภ ล.1  
  Barcode: 24388
ห้องสมุดวิทยาเขตสวรรค์ประชารักษ์
►หนังสือทั่วไป
บนชั้น

BibComment


ยังไม่เคยถูกคอมเมนท์

คอมเมนท์ทรัพยากรรายการนี้
  คอมเมนท์: ภาษาอังกฤษเพื่อก..


 Copyright 2026. Bcnsprnw @Library